Banner

Nuevas fronteras del derecho privado en América Latina / (Record no. 1342)

MARC details
000 -LEADER
campo de control de longitud fija 00914nam a2200265 a 4500
001 - NÚMERO DE CONTROL
campo de control 1567857
003 - IDENTIFICADOR DE NÚMERO DE CONTROL
campo de control CoMeUDC
005 - FECHA Y HORA DE LA ÚLTIMA TRANSACCIÓN
campo de control 20210602124601.0
008 - DATOS DE LONGITUD FIJA--INFORMACIÓN GENERAL
campo de control de longitud fija 171124s2017 ck gr 00110 spa d
020 ## - NÚMERO INTERNACIONAL ESTÁNDAR DEL LIBRO
Número Internacional Estándar del Libro 9789583511370
040 ## - FUENTE DE CATALOGACIÓN
Centro catalogador/agencia de origen CO-UdeCO
Lengua de catalogación spa
Centro/agencia transcriptor CO-UdeCO
082 04 - NÚMERO DE LA CLASIFICACIÓN DECIMAL DEWEY
Número de clasificación 340.56
Número de ítem A284
100 ## - ENTRADA PRINCIPAL--NOMBRE DE PERSONA
9 (RLIN) 1635
Nombre de persona Agurto Gonzáles, Carlos Antonio
245 00 - MENCIÓN DEL TÍTULO
Título Nuevas fronteras del derecho privado en América Latina /
Mención de responsabilidad, etc. Carlos Antonio Agurto Gonzáles ; coordinador, Sonia Lidia Quequejana Mamani.
260 ## - PUBLICACIÓN, DISTRIBUCIÓN, ETC.
Lugar de publicación, distribución, etc. Bogotá :
Nombre del editor, distribuidor, etc. Editorial Temis,
Fecha de publicación, distribución, etc. 2017.
300 ## - DESCRIPCIÓN FÍSICA
Extensión 386 p. ;
Dimensiones 23 cm.
504 ## - NOTA DE BIBLIOGRAFÍA, ETC.
Nota de bibliografía, etc. Nota Incluye bibliografía e índice.
650 ## - PUNTO DE ACCESO ADICIONAL DE MATERIA--TÉRMINO DE MATERIA
Término de materia o nombre geográfico como elemento de entrada Derecho civil
Subdivisión geográfica América Latina.
650 #4 - PUNTO DE ACCESO ADICIONAL DE MATERIA--TÉRMINO DE MATERIA
Término de materia o nombre geográfico como elemento de entrada Responsabilidad civil
Subdivisión geográfica América Latina.
650 ## - PUNTO DE ACCESO ADICIONAL DE MATERIA--TÉRMINO DE MATERIA
Término de materia o nombre geográfico como elemento de entrada Derecho romano.
650 ## - PUNTO DE ACCESO ADICIONAL DE MATERIA--TÉRMINO DE MATERIA
Término de materia o nombre geográfico como elemento de entrada Derecho civil
700 1# - ENTRADA AGREGADA--NOMBRE PERSONAL
Nombre de persona Quequejana Mamani, Sonia Lidia,
Término indicativo de función/relación coordinadora.
942 ## - ELEMENTOS DE ENTRADA SECUNDARIOS (KOHA)
Fuente del sistema de clasificación o colocación Clasificación Decimal Dewey
Tipo de ítem Koha Libros
949 ## - PROCESAMIENTO DE INFORMACIÓN LOCAL (OCLC)
a c
b n
Holdings
Estatus retirado Estado de pérdida Fuente del sistema de clasificación o colocación Estado de daño No para préstamo Colección Biblioteca de origen Biblioteca actual Fecha de adquisición Fuente de adquisición Coste, precio normal de compra Signatura topográfica completa Código de barras Visto por última vez Copia número Precio de reemplazo Tipo de ítem Koha
    Clasificación Decimal Dewey     Colección general U DE COLOMBIA - Biblioteca U DE COLOMBIA - Biblioteca 02/06/2021 Donación 20000.00 340.56 A284 100148 02/06/2021 1 02/06/2021 Libros


Biblioteca Académica Corporación Universitaria U DE COLOMBIA | Teléfono: +(57) (4) 2398080 ext. 1112 | E-mail: biblioteca@udecolombia.edu.co | Dirección: Calle 56 Nº 41 – 147 (Bolivia con Girardot)
Horario de atención: lunes a viernes 8:00 a.m. a 8:00 p.m. - sábados 8:00 a.m. a 4:00 p.m.
Implementado por Grupo EGS.

Powered by Koha